000
00316nam a22001457a 4500
008
230707b ||||| |||| 00| 0 eng d
020
_a
9780763704674
041
_a
eng
080
_a
621
082
_a
621GRE
100
_a
19
101
_a
IE
245
_a
THE QUANTUM CHALLENGE
_c
GREENSTEIN .G
942
_2
udc
_c
BK
999
_c
60113
_d
60113